[Event "Badalona op"]
[Site "Badalona"]
[Date "1993.??.??"]
[Round "4"]
[White "Granados, Raul"]
[Black "Nunez Vallina, Jose Antonio"]
[Result "1-0"]
[WhiteElo "2220"]
[BlackElo "2370"]
[PlyCount "91"]
[EventDate "1993.??.??"]
[EventType "swiss"]
[EventRounds "9"]
[EventCountry "ESP"]
[SourceTitle "EXT 2000"]
[Source "ChessBase"]
[SourceDate "1999.11.16"]
[SourceVersion "1"]
[SourceVersionDate "1999.11.16"]
[SourceQuality "1"]

1. d4 d5 2. Nf3 Nf6 3. c4 e6 4. Nc3 Nbd7 5. Bg5 c6 6. e3 Qa5 7. Nd2 Bb4 8. Qc2 Ne4 9. Ndxe4 dxe4 10. Bh4 0-0 11. Be2 e5 12. 0-0 exd4 13. Nxe4 f5 14. a3 d3 15. axb4 Qxa1 16. Bxd3 Qxf1+ 17. Kxf1 fxe4 18. Bxe4 h6 19. c5 Nf6 20. Qc4+ Kh8 21. Bxf6 Rxf6 22. Qd4 Bf5 23. Bxf5 Rxf5 24. e4 Rf7 25. Ke2 Re8 26. g3 Ree7 27. f4 Rd7 28. Qe3 g6 29. e5 Rfe7 30. e6 Rd8 31. Qe5+ Kh7 32. g4 Rde8 33. f5 gxf5 34. gxf5 Kg8 35. h4 Kh7 36. h5 b6 37. Kf3 bxc5 38. bxc5 a5 39. Kf4 a4 40. Qf6 Rg7 41. Ke5 a3 42. bxa3 Ra8 43. e7 Rxa3 44. Qg6+ Rxg6 45. hxg6+ Kg7 46. f6+ 1-0

[Event "Barcelona op 9394"]
[Site "Barcelona"]
[Date "1993.??.??"]
[Round "4"]
[White "Narciso Dublan, Marc"]
[Black "Granados, Raul"]
[Result "1-0"]
[WhiteElo "2300"]
[BlackElo "2220"]
[PlyCount "49"]
[EventDate "1993.??.??"]
[EventType "swiss"]
[EventRounds "9"]
[EventCountry "ESP"]
[SourceTitle "EXT 1997"]
[Source "ChessBase"]
[SourceDate "1996.11.15"]
[SourceVersion "1"]
[SourceVersionDate "1996.11.15"]
[SourceQuality "1"]

1. Nc3 d5 2. e4 Nf6 3. e5 d4 4. exf6 dxc3 5. fxg7 cxd2+ 6. Qxd2 Qxd2+ 7. Bxd2 Bxg7 8. 0-0-0 0-0 9. Bc4 Nc6 10. Ne2 Ne5 11. Bb3 a5 12. a3 Ra6 13. h3 a4 14. Ba2 Be6 15. Bxe6 Rxe6 16. Bc3 c5 17. Rhe1 Nc6 18. Bxg7 Kxg7 19. Nc3 Rg6 20. Nxa4 Rg5 21. g4 c4 22. Nc3 Ra5 23. Re4 b5 24. Rd5 Rb8 25. Rc5 1-0

[Event "Barcelona op 9394"]
[Site "Barcelona"]
[Date "1993.??.??"]
[Round "9"]
[White "Pares Vives, Natalia"]
[Black "Granados, Raul"]
[Result "1-0"]
[WhiteElo "2350"]
[BlackElo "2220"]
[PlyCount "71"]
[EventDate "1993.??.??"]
[EventType "swiss"]
[EventRounds "9"]
[EventCountry "ESP"]
[SourceTitle "EXT 1997"]
[Source "ChessBase"]
[SourceDate "1996.11.15"]
[SourceVersion "1"]
[SourceVersionDate "1996.11.15"]
[SourceQuality "1"]

1. d4 Nf6 2. c4 e6 3. Nf3 Bb4+ 4. Bd2 a5 5. g3 Nc6 6. Bg2 d6 7. 0-0 e5 8. Be3 exd4 9. Nxd4 Ne5 10. a3 Bc5 11. Nc3 0-0 12. b3 Nfg4 13. Bf4 Ng6 14. Bc1 Re8 15. h3 Nf6 16. e4 c6 17. Be3 Ba7 18. Qd2 Bd7 19. Kh2 Re5 20. Nc2 Rh5 21. Bxa7 Bxh3 22. f3 Be6+ 23. Kg1 Rxa7 24. Rad1 Qb6+ 25. Qe3 Ra6 26. Rxd6 Qxb3 27. Rd8+ Nf8 28. g4 Bxg4 29. fxg4 Nxg4 30. Qd4 Qb6 31. Rb1 Qc7 32. Rxb7 Qh2+ 33. Kf1 Qf4+ 34. Ke2 h6 35. Rxf8+ Kh7 36. Rfxf7 1-0